000 00804nam a22002897a 4500
001 BR4400029
003 BR-BrBNA
005 20230928082922.0
007 ta
008 230509b bl.||||| |||| 00| 0 por d
040 _aBR-BrBNA
_bpor
_cBiblioteca Nacional de Agricultura
041 _a(Por)
072 _aF00
_b2750
_b/G514
_b/G530
_b/G520
_b/G518
090 _ 2750 BR4400029
100 1 _aCarvalho, A.
245 1 _aViagem aos centros de origem da Quineira (Cinchona sp.)Bolivia, Peru, Equador, Colombia. 1939-1940
260 3 _aCampinas, SP (Brasil):
_c1944.
300 _a108 p.
500 _a53 illus.; 20 tables; 5 ref.
650 _aQUINA
650 _aBOLIVIA
650 _aPERU
650 _aEQUADOR
650 _aCOLOMBIA
909 _a202309
_bLucia
_c55
_dLucia Elande
942 _cBK
999 _c10618
_d10618